000 01608cam a2200265 4500
001 ##L132842
008 000000n2006 000 0 eng u
020 _a9781842192922
035 _a(Sirsi) u132842
041 0 _aeng
050 0 4 _a333.0062
_c18
110 2 _aRoyal Institution of Chartered Surveyors
_bGovernance and Corporate Management
_94171
245 0 0 _aRoyal charter and bye-laws 1973 (amended 1975, 1977, 1978, 1980, 1981, 1985, 1986, 1988, 1990, 1993, 1995, 1998, 1999, 2000, 2002, 2003 and 2006)
250 _aRev. ed.
260 _aLondon
_bRICS
_c2006
505 2 _aSupplemental charter 1973 -- Orders in Council -- Bye-laws: Section I, Definitions -- Section II, Members and attached classes -- Section III, Designations -- Section IV, Contributions to the funds -- Section V, Conduct -- Section VI, The members of Governing Council, officers and staff -- Section VII, Strategy and Resources Board, Audit Committee, junior organisation groups and other subordinate bodies -- Section VIII, Professional sections and associated matters -- Section IX, Constituencies -- Section X, Procedural matters -- Section XI, Accounts and professional auditors -- Section XII, General
520 _aSupersedes 2003 edition (ISBN 1842191608). Incorporates all amendments up to and including those allowed by the Privy Council on 5 January 2006.
590 _aIKA230506
650 2 4 _aRICS ROYAL CHARTER
650 2 4 _aRICS BYE-LAWS
690 _aRICS NEWS
710 2 _aRoyal Institution of Chartered Surveyors
_94900
856 4 0 _zThis item is missing. Note added 25 Jan 2011
942 _n0
999 _c105258
_d105258